000 01025nam a2200301Ia 4500
001 Para_9269
003 CHAP
008 220125s2002 xx 000 0 und d
010 _a208007
040 _cCHAP
082 _a595.79 R8
100 _aRuíz Cancino, Enrique
_9100623
245 _aContribución al conocimiento de Icheneumonidae (Hymenoptera) del sureste de México /
_c por Enrique Ruíz Cancino, Juana María Coronado Blanco y José Alfredo Martínez Ramírez
260 _aCd. Victoria, Tamaulipas, México :
_b Universidad Autónoma de Tamaulipas
300 _a119 p.
440 _aSerie Publicaciones Científicas; 5
_9174440
650 _aHimenópteros
_955474
650 _aIchneumonidae
_957270
700 _aCoronado Blanco, Juana María
_9174441
700 _aMartínez Ramírez, José Alfredo
_9174442
901 _a595.79 R8
902 _aI
905 _a0000002002 a 0000000000 00
910 _a2002
942 _cPARA
942 _cPARA
_d1
999 _c208007
_d208007